How Many Times ? (Quiz 2) - Statistics

General Stats
  • This quiz has been taken 27 times
  • The average score is 9 of 15
Answer Stats
Question Answer % Correct
Fish or Chips ? Fish
83%
Love or Hate ? Love
83%
Ale or Beer ? Ale
75%
Comedy or Tragedy ? Tragedy
75%
Romeo or Juliet ? Romeo
67%
New or Old ? Old
63%
Life or Death ? Death
58%
Acorn or Oak ? Oak
58%
Antony or Cleopatra ? Antony
50%
Bread or Water ? Water
50%
Black or White ? Black
46%
Cat or Mouse ? Cat
42%
First or Last ? First
42%
Night or Day ? Day
38%
Verona or Venice ? Venice
29%
No matching quizzes found
Score Distribution
Percent of People with Each Score
Percentile by Number Answered
Your Score History
You have not taken this quiz